|
|
|
|
| LEADER |
00000cam a22000004a 4500 |
| 001 |
musev2_17045 |
| 003 |
MdBmJHUP |
| 005 |
20230905041838.0 |
| 006 |
m o d |
| 007 |
cr||||||||nn|n |
| 008 |
100323s2010 sa o 00 0 eng d |
| 020 |
|
|
|a 9781920409388
|
| 020 |
|
|
|z 1920409386
|
| 020 |
|
|
|z 9781920409159
|
| 035 |
|
|
|a (OCoLC)690877304
|
| 040 |
|
|
|a MdBmJHUP
|c MdBmJHUP
|
| 043 |
|
|
|a f-sa---
|
| 050 |
|
4 |
|a JQ1981
|b .T48 2010
|
| 245 |
0 |
0 |
|a Testing Democracy :
|b Which Way is South Africa Going? /
|c edited by Neeta Misra-Dexter and Judith February.
|
| 264 |
|
1 |
|a Cape Town :
|b IDASA,
|c 2010
|
| 264 |
|
3 |
|a Baltimore, Md. :
|b Project MUSE,
|c 2013
|
| 264 |
|
4 |
|c ©2010
|
| 300 |
|
|
|a 1 online resource (312 pages).
|
| 336 |
|
|
|a text
|b txt
|2 rdacontent
|
| 337 |
|
|
|a computer
|b c
|2 rdamedia
|
| 338 |
|
|
|a online resource
|b cr
|2 rdacarrier
|
| 490 |
0 |
|
|a IDASA's democracy index
|
| 504 |
|
|
|a Includes bibliographical references.
|
| 505 |
0 |
|
|a Pt. 1. Development and democracy: an overview. The one-party state and liberation movements in Africa: lessons for South Africa / by Aubrey Matshiqi -- The developmental state and post-liberation South Africa / by Samantha Ashman, Ben Fine and Susan Newman -- Poverty inequality and the nature of economic growth in South Africa / by Haroon Bhorat and Carlene van der Westhuizen -- Building a public service that can deliver change / by Raenette Taljaard -- Key institutions affecting democracy in South Africa / by Pierre de Vos -- Beneath the surface: civil society and democracy after Polokwane / by Steven Friedman. Pt. 2. IDASA's democracy index 2010: 100 questions. Participation and democracy / by Kate Lefko-Everett -- Elections and democracy / by Justin Sylvester and Paulos Eshetu -- Accountability and democracy / by Gary Pienaar -- Political freedom and democracy / by Shameela Seedat -- Human dignity and democracy / by Justin Sylvester and Nonhlanhla Chanza.
|
| 588 |
|
|
|a Description based on print version record.
|
| 650 |
|
0 |
|a Elections
|z South Africa.
|
| 650 |
|
0 |
|a Human rights
|z South Africa.
|
| 650 |
|
0 |
|a Democracy
|z South Africa.
|
| 651 |
|
0 |
|a South Africa
|x Politics and government
|y 1994-
|
| 655 |
|
7 |
|a Electronic books.
|2 local
|
| 700 |
1 |
|
|a February, Judith.
|
| 700 |
1 |
|
|a Misra-Dexter, Neeta.
|
| 710 |
2 |
|
|a Institute for Democracy in South Africa.
|
| 710 |
2 |
|
|a Project Muse
|
| 710 |
2 |
|
|a Project Muse.
|e distributor
|
| 830 |
|
0 |
|a IDASA'S democracy index.
|
| 830 |
|
0 |
|a Book collections on Project MUSE.
|
| 856 |
4 |
0 |
|z Texto completo
|u https://projectmuse.uam.elogim.com/book/17045/
|
| 945 |
|
|
|a Project MUSE - Custom Collection
|
| 945 |
|
|
|a Project MUSE - Archive Complete Supplement
|
| 945 |
|
|
|a Project MUSE - Archive Political Science and Policy Studies Supplement
|
| 945 |
|
|
|a Project MUSE - Archive African Studies Foundation
|